书目信息 |
| 题名: |
普通物理选择题
|
|
| 作者: | 恩 著 ;吴庭竺 , 金文照 译 | |
| 分册: | ||
| 出版信息: | 上海 上海科学技术文献出版社 1985.6 |
|
| 页数: | 233页 | |
| 开本: | 20cm | |
| 丛书名: | ||
| 单 册: | ||
| 中图分类: | O4-44 | |
| 科图分类: | ||
| 主题词: | 物理学 | |
| 电子资源: | ||
| ISBN: | ||
| 000 | 00579nam0 2200217 45 | |
| 001 | 0312221749 | |
| 005 | 20070923082937.40 | |
| 010 | @dCNY1.40 | |
| 091 | @a13192.73 | |
| 100 | @a20031222d1985 km y0chiy0120 ea | |
| 101 | @achi@ceng | |
| 200 | 1 | @a普通物理选择题@APu Tong Wu Li Xuan Ze Ti@f(英)恩著@F(Ying)En Zhu@g吴庭竺,金文照译 |
| 210 | @a上海@c上海科学技术文献出版社@d1985.6 | |
| 215 | @a233页@c插图@d20cm | |
| 606 | 0 | @a物理学 |
| 690 | @aO4-44@v3 | |
| 701 | 0 | @a恩@4著 |
| 702 | 0 | @a吴庭竺@4译 |
| 702 | 0 | @a金文照@4译 |
| 801 | @aCN@bTSTCL@c20070923 | |
| 905 | @dO4-44@e126 | |
| 普通物理选择题/(英)恩著/吴庭竺,金文照译.-上海:上海科学技术文献出版社,1985.6 |
| 233页:插图;20cm |
| ISBN :CNY1.40 |
| ● |
| 相关链接 |
|
|
|
|
正题名:普通物理选择题
索取号:O4-44/126
 
预约/预借
| 序号 | 登录号 | 条形码 | 馆藏地/架位号 | 状态 | 备注 |
| 1 | 0139197 | 000393087 | 第三借阅区/ [索取号:O4-44/126] | 在馆 | |
| 2 | 0139198 | 000393112 | 第三借阅区/ [索取号:O4-44/126] | 在馆 | |
| 3 | 0139199 | 000393103 | 第三借阅区/ [索取号:O4-44/126] | 在馆 | |
| 4 | 0139200 | 000393096 | 第三借阅区/ [索取号:O4-44/126] | 在馆 | |
| 5 | 0139201 | 202099120 | 第二样本阅览室/ [索取号:O4-44/126] | 在馆 | |
| 6 | 626074 | 206260749 | 密集书库/ [索取号:O4-44/126] | 在馆 |